00588nam a2200181 a 450000100100000000500170001000800410002702000150006804000250008310000280010824000310013624500510016726000320021830000210025050000130027195201050028499900170038900003659720200930075823.0120123s1980 mx 000 0 spa d a9682402999 aDO-SdBNPbspacBNPHU1 aYates, Aubrey J.96287310aBehavior terapylEspañol10aTerapia del comportamiento /cAubrey J. Yates. aMéxico :bTrillas,c1980. a499 p. ;c25 cm. aInglés 001050718MOaGRbGRcCTd2012-01-23iLF1l0o p36597-10r2020-06-25w2020-06-25y1ZNo se presta c36088d36088